000 00817nam a2200265Ia 4500
003 OSt
005 20221006153707.0
006 a|||||r|||| 00| 0
007 ta
008 221006b |||||||| |||| 00| 0 eng d
020 _a0822308967
024 _a33,074
037 _bGift, Japan Foundation
_cAnnuals, Advances
040 _aEASL
_cEASL
_beng
041 _2eng
_aeng
082 _aV42.M, P3
100 _aMiyoshi Masao Ed.
_9494324
245 0 _aPostmodernism and Japan
260 _aDurham
_bDuke University press
_c1989
300 _axix,302p.
_ccm.
490 _v JEL
_aPost Contemporary Interventions
700 _a Harootunian H.D. Ed.
_9643502
942 _hV42.M, P3
_cREF
_2CC
999 _c1101160
_d1101160